<?xml version="1.0" encoding="UTF-8"?>
<record
    xmlns:xsi="http://www.w3.org/2001/XMLSchema-instance"
    xsi:schemaLocation="http://www.loc.gov/MARC21/slim http://www.loc.gov/standards/marcxml/schema/MARC21slim.xsd"
    xmlns="http://www.loc.gov/MARC21/slim">

  <leader>00687nam a2200169Ia 4500</leader>
  <controlfield tag="008">090711s9999    xx            000 0 und d</controlfield>
  <datafield tag="082" ind1=" " ind2=" ">
    <subfield code="b">1101</subfield>
  </datafield>
  <datafield tag="100" ind1=" " ind2=" ">
    <subfield code="a">&#x92C;&#x93E;&#x92A;&#x91F; &#x92C;. &#x917;&#x902;. / &#x915;&#x941;&#x932;&#x915;&#x930;&#x94D;&#x923;&#x940; &#x926;&#x93F;&#x932;&#x940;&#x92A;</subfield>
  </datafield>
  <datafield tag="245" ind1=" " ind2=" ">
    <subfield code="a">&#x935;&#x948;&#x926;&#x93F;&#x915; &#x917;&#x923;&#x93F;&#x924; &#x92D;&#x93E;&#x917; 1: &#x917;&#x941;&#x923;&#x93E;&#x915;&#x93E;&#x930;</subfield>
  </datafield>
  <datafield tag="260" ind1=" " ind2=" ">
    <subfield code="c">2000</subfield>
  </datafield>
  <datafield tag="300" ind1=" " ind2=" ">
    <subfield code="a">69</subfield>
  </datafield>
  <datafield tag="600" ind1=" " ind2=" ">
    <subfield code="a">&#x92C;&#x93E;&#x92A;&#x91F; &#x92C;. &#x917;&#x902;. / &#x915;&#x941;&#x932;&#x915;&#x930;&#x94D;&#x923;&#x940; &#x926;&#x93F;&#x932;&#x940;&#x92A;</subfield>
  </datafield>
  <datafield tag="630" ind1=" " ind2=" ">
    <subfield code="a">&#x935;&#x948;&#x926;&#x93F;&#x915; &#x917;&#x923;&#x93F;&#x924; &#x92D;&#x93E;&#x917; 1: &#x917;&#x941;&#x923;&#x93E;&#x915;&#x93E;&#x930;</subfield>
  </datafield>
  <datafield tag="700" ind1=" " ind2=" ">
    <subfield code="a">&#x92C;&#x93E;&#x92A;&#x91F; &#x92C;. &#x917;&#x902;. / &#x915;&#x941;&#x932;&#x915;&#x930;&#x94D;&#x923;&#x940; &#x926;&#x93F;&#x932;&#x940;&#x92A;</subfield>
  </datafield>
  <datafield tag="730" ind1=" " ind2=" ">
    <subfield code="a">&#x935;&#x948;&#x926;&#x93F;&#x915; &#x917;&#x923;&#x93F;&#x924; &#x92D;&#x93E;&#x917; 1: &#x917;&#x941;&#x923;&#x93E;&#x915;&#x93E;&#x930;</subfield>
  </datafield>
  <datafield tag="942" ind1=" " ind2=" ">
    <subfield code="c">BOOK</subfield>
  </datafield>
  <datafield tag="999" ind1=" " ind2=" ">
    <subfield code="c">338106</subfield>
    <subfield code="d">338106</subfield>
  </datafield>
</record>
